Welke landen behoorden onder de geallieerden in WO II - Statistieken

Algemene statistieken
  • Deze quiz is 10 keer genomen
  • De gemiddelde score is 7 van 8
Answers on the Grid
Answers color-coded by a green-red scale on the quiz's grid according to % correct below.
Japan
India
Brazilië
China
Groot-Brittannië
Sovjet-Unie
Argentinië
Chili
Honduras
Frankrijk
Australië
Panama
Cuba
Canada
Verenigde Staten
 
Antwoordstatistieken
Antwoord % Correct
Australië
100%
Canada
100%
Frankrijk
100%
Groot-Brittannië
100%
Verenigde Staten
100%
India
67%
Sovjet-Unie
67%
China
17%
Geen overeenkomende quizzen gevonden
Scoreverdeling
Procent van Mensen met Elke Score
Percentiel versus Aantal Correcte Antwoorden
Uw Scoregeschiedenis
U heeft deze quiz nog niet genomen